000 00664nam a2200229Ia 4500
003 OSt
005 20220926012131.0
006 a|||||r|||| 00| 0
007 ta
008 220923b |||||||| |||| 00| 0 eng d
037 _cGeneral Book
040 _aRTL
_cRTL
_beng
041 _2eng
_aeng
082 _aX93.73.N6, K9
100 _aWeidenbaum Murray L.
245 0 _aModern public sector
_b New ways of doing the gover
260 _aNew York
_bBasic Books U. S. A.
_c1969
300 _avii, 211p.
_ccm.
650 _aPublic Sector Economics
942 _hX93.73.N6, K9
_cGB
_2CC
999 _c621806
_d621806